Géographie de la Russie - Statistiques

Statistiques générales
  • Ce quiz a été pris 844 fois
  • Le résultat moyen est 14 sur 20
Statistiques - réponses
question répondre % Correct
Quelle est la capitale de la Russie? Moscou
100%
Quelle est l'ancienne capitale de la Russie et la deuxième plus grande ville? Saint-Pétersbourg
95%
Quel était le nom de cette ville de 1924 à 1991? Léningrad
90%
Quel est le nom de la vaste région orientale de la Russie? Sibérie
87%
Sur quelle mer trouveriez-vous la ville de Sotchi? Mer Noire
85%
Gamme de montagnes qui divisent l'Europe et l'Asie Oural
85%
Quel détroit sépare la Russie de l'Alaska? Détroit de Bering
81%
Quel est le plus long fleuve dans la partie européenne de la Russie? Volga
80%
Quel est le lac le plus profond du monde? Lac Baïkal
74%
Nommez l'un des quatre fleuves de la Russie asiatique qui est plus long que le précédent Ob, Amour, Léna, ou Ienisseï
70%
Avec quel autre pays la Russie partage-t-elle la région de Carélie? Finlande
66%
Quelle ville russe est proche de la frontière avec la Corée du Nord? Vladivostok
65%
Gamme de montagnes qui divisent l'Europe et l'Asie Caucase
64%
Quelle partie de la Russie, prise d'Allemagne, n'est-elle pas reliée au reste? Kaliningrad
64%
Sur quel fleuve se trouve la ville de Rostov? Don
53%
Quelle est la plus haute montagne de Russie (et d'Europe)? Elbrouz
45%
Quelle langue, outre le russe, est communément parlée dans la ville de Kazan? (Indice: commence par T) Tatar
44%
Quel animal s'est éteint sur l'île Wrangel de la Russie vers 2000 avant JC? Mammouth laineux
41%
Quelle île, la plus grande de Russie, était autrefois revendiquée par le Japon? Sakhaline
39%
Quelle péninsule, avec 29 volcans actifs, se trouve dans l'extrême nord-est de la Russie? Kamtchatka
33%
Aucun quiz correspondant
Distribution des résultats
% des personnes avec chaque résultat
Percentile par nombre de réponses
Votre historique - résultats
Vous n’avez pas pris ce quiz